A world elsewhere : (Record no. 144348)

MARC details
000 -LEADER
fixed length control field 00522nam a22001697a 4500
010 ## - LCCN (DPL NO)
LC control number ENG-120259
020 ## - INTERNATIONAL STANDARD BOOK NUMBER
Terms of availability 395.00
035 ## - SYSTEM CONTROL NUMBER
System control number EN-103791
037 ## - SOURCE OF ACQUISITION
Source of stock number/acquisition DBAD /PUB
082 ## - DEWEY DECIMAL CLASSIFICATION NUMBER
Classification number 954.1470099
100 ## - MAIN ENTRY--PERSONAL NAME
Personal name .
245 ## - TITLE STATEMENT
Title A world elsewhere :
Statement of responsibility, etc edited by Jatindra Kumar Nayak
Remainder of title image of Kolkata in Oriya autobiographies/
260 ## - PUBLICATION, DISTRIBUTION, ETC. (IMPRINT)
Place of publication, distribution, etc Bhubaneswar
Name of publisher, distributor, etc Grasspots
Date of publication, distribution, etc 2016
270 ## - ADDRESS
Address 718/1,Rasulgarh
City Bhubaneswar (Orissa)
Postal code 751010
300 ## - PHYSICAL DESCRIPTION
Extent 172p.
Dimensions 22cm(pbk)
942 ## - ADDED ENTRY ELEMENTS (KOHA)
Source of classification or shelving scheme Dewey Decimal Classification
Item type English Books
Classification part 954.1470099
Call number suffix WOR
Holdings
Withdrawn status Lost status Not for loan Collection code Home library Current library Date acquired Source of acquisition Cost, normal purchase price Full call number Barcode Copy number Cost, replacement price Koha item type
      Non-fiction Shahdara Branch Shahdara Branch 12/09/2017 DBAD/PUB 395.00 954.1470099 WOR EN-103791 1 395.00 English Books

© Delhi Public Library
Hit Counter
free hit counter